| 000 | 00448nam a2200169Ia 4500 | ||
|---|---|---|---|
| 008 | 131103s9999 xx 000 0 und d | ||
| 040 | _aLoreto College | ||
| 041 | _aEnglish | ||
| 082 |
_aF/BRA _bLCBED/6253 |
||
| 100 | _aBraithwaite,E.R. | ||
| 245 |
_aTo sir with love _cE.R.Braihwaite |
||
| 260 |
_aGreat Britain _bNew English Library _c1970 |
||
| 300 |
_a142 p. _c 17 cm. |
||
| 650 | _aEnglish fiction | ||
| 850 | _aLCBED/F/BRA | ||
| 942 | _cBK | ||
| 999 |
_c32372 _d82851 |
||